| 000 | 00712nam a2200217Ia 4500 | ||
|---|---|---|---|
| 008 | 160319s9999 xx 000 0 und d | ||
| 245 | _aFreaky Friday / | ||
| 245 | _cproduced by Andrew Gunn ; directed by Mark Waters ; written by Heather Hach and Leslie Dixon (2003) ; produced by Ron Miller ; directed by Gary Nelson (1976) | ||
| 260 | _bViva Video Inc. | ||
| 260 | _c2004 | ||
| 300 | _a2 videodiscs (180 min.) : | ||
| 300 | _bsound, colored ; | ||
| 300 | _c4 3/4 in. | ||
| 650 | _aComedy films. | ||
| 650 | _aFilm adaptations. | ||
| 650 | _aMothers and daughters -- | ||
| 650 | _aParent and teenager -- | ||
| 650 | _aRodgers, Mary, -- 1931-2014 -- | ||
| 650 | _xDrama. | ||
| 650 | _xDrama. | ||
| 999 |
_c292691 _d292691 |
||